Normal view
MARC view
Entry Personal Name
001 - CONTROL NUMBER
- control field: 24251
003 - CONTROL NUMBER IDENTIFIER
- control field: dpl
005 - DATE AND TIME OF LATEST TRANSACTION
- control field: 20101112103809.0
008 - FIXED-LENGTH DATA ELEMENTS
- fixed length control field: 101112|||a|||||| | ||| d
040 ## - CATALOGING SOURCE
- Original cataloging agency: dpl
- Transcribing agency: dpl
100 ## - HEADING--PERSONAL NAME
- Personal name: Sharma, Jagdish Prasad
670 ## - SOURCE DATA FOUND
- Source citation: Work cat.: (dpl)37136: Sharma, Jagdish Prasad , Women empowerment and globlization /, 2010
670 ## - SOURCE DATA FOUND
- Source citation: Work cat.: (dpl)37136: Sharma, Jagdish Prasad , Women empowerment and globlization /, 2010
